Francuskie słowa według obrazków #1 - Statystyki

Ogólne statystyki
  • Ten quiz został rozwiązany 1 312 razy
  • Średni wynik to 10 z 24
Odpowiedzi na mapie
Odpowiedzi zakodowano w zielono-czerwonej skali na mapie do tego quizu, zgodnie z poniższymi procentami.
 
Statystyki odpowiedzi
Odpowiedź % Poprawnych
Une banane
77%
Une carotte
76%
Une noix de coco
65%
Un avion
63%
Un crayon
57%
Une pomme
53%
Un chat
45%
Des chaussettes
44%
Un chien
42%
Un parapluie
42%
Un champignon
37%
Une voiture
36%
Une fraise
34%
Une main
34%
Un escargot
34%
Une oreille
31%
Un mouton
30%
Une bouche
29%
Un cochon
24%
Une baleine
24%
Un nuage
24%
Un couteau
21%
Une souris
21%
Une sucette
21%
Nie znaleziono quizów pasujących do podanych kryteriów
Rozkład punktacji
Procent ludzi z każdym wynikiem
Percentyl według liczby udzielonych odpowiedzi
Twoja historia wyników
Nie rozwiązałeś tego quizu